Multipurpose tree germplasm : (Record no. 3756)
[ view plain ]
| 000 -LEADER | |
|---|---|
| fixed length control field | 01387nam a2200313 4500 |
| 001 - CONTROL NUMBER | |
| control field | 000 |
| 005 - DATE AND TIME OF LATEST TRANSACTION | |
| control field | 20150401160708.0 |
| 007 - PHYSICAL DESCRIPTION FIXED FIELD--GENERAL INFORMATION | |
| fixed length control field | 000 |
| 008 - FIXED-LENGTH DATA ELEMENTS--GENERAL INFORMATION | |
| fixed length control field | 000 |
| 010 ## - LIBRARY OF CONGRESS CONTROL NUMBER | |
| LC control number | 85980578 |
| 020 ## - INTERNATIONAL STANDARD BOOK NUMBER | |
| International Standard Book Number | 9290590343 (pbk.) |
| 040 ## - CATALOGING SOURCE | |
| Original cataloging agency | UOEL |
| Transcribing agency | DLC |
| Modifying agency | DLC |
| 050 00 - LIBRARY OF CONGRESS CALL NUMBER | |
| Classification number | SB172 |
| Item number | .M85 1984 |
| 082 00 - DEWEY DECIMAL CLASSIFICATION NUMBER | |
| Classification number | 634.9/56 |
| Edition number | 19 |
| 245 00 - TITLE STATEMENT | |
| Title | Multipurpose tree germplasm : |
| Remainder of title | proceedings, recommendations, and documents of a planning workshop to discuss international cooperation held at the National Academy of Sciences, Washington D.C., U.S.A., June 1983 / |
| Statement of responsibility, etc | edited by J. Burley and P. von Carlowitz. |
| 260 ## - PUBLICATION, DISTRIBUTION, ETC. (IMPRINT) | |
| Place of publication, distribution, etc | Nairobi, Kenya : |
| Name of publisher, distributor, etc | International Council for Research in Agroforestry, |
| Date of publication, distribution, etc | c1984. |
| 300 ## - PHYSICAL DESCRIPTION | |
| Extent | xvi, 298 p. : |
| Other physical details | ill. ; |
| Dimensions | 24 cm. |
| 500 ## - GENERAL NOTE | |
| General note | Sponsored by International Council for Research in Agroforestry, German Agency for Technical Cooperation, and International Board for Plant Genetic Resources. |
| 504 ## - BIBLIOGRAPHY, ETC. NOTE | |
| Bibliography, etc | Includes bibliographies. |
| 650 #0 - SUBJECT ADDED ENTRY--TOPICAL TERM | |
| Topical term or geographic name as entry element | Multipurpose trees |
| General subdivision | Germplasm resources |
| -- | Congresses. |
| 700 1# - ADDED ENTRY--PERSONAL NAME | |
| Personal name | Burley, J. |
| Fuller form of name | (Jeffery) |
| Personal name | Von Carlowitz, P. |
| 710 2# - ADDED ENTRY--CORPORATE NAME | |
| Corporate name or jurisdiction name as entry element | International Council for Research in Agroforestry. |
| Corporate name or jurisdiction name as entry element | Deutsche Gesellschaft für Technische Zusammenarbeit. |
| Corporate name or jurisdiction name as entry element | International Board for Plant Genetic Resources. |
| 740 0# - ADDED ENTRY--UNCONTROLLED RELATED/ANALYTICAL TITLE | |
| Uncontrolled related/analytical title | Multi-purpose tree germplasm. |
| 906 ## - LOCAL DATA ELEMENT F, LDF (RLIN) | |
| a | 7 |
| b | cbc |
| c | orignew |
| d | 3 |
| e | ncip |
| f | 19 |
| g | y-gencatlg |
| 942 ## - ADDED ENTRY ELEMENTS (KOHA) | |
| Source of classification or shelving scheme | Library of Congress Classification |
| Item type | Loan - Normal on open shelf |
| Withdrawn status | Lost status | Source of classification or shelving scheme | Damaged status | Not for loan | Home library | Current library | Shelving location | Date acquired | Total Checkouts | Full call number | Barcode | Date last seen | Copy number | Price effective from | Koha item type |
|---|---|---|---|---|---|---|---|---|---|---|---|---|---|---|---|
| Library of Congress Classification | UOE Main Library | UOE Main Library | Open shelf | 01/04/2015 | SB172 .M85 1984 | 20138635 | 27/04/2026 | 20138635 | 01/04/2015 | Loan - Normal on open shelf | |||||
| Library of Congress Classification | UOE Main Library | UOE Main Library | Open shelf | 19/07/2017 | SB172 .M85 1984 | 20037001 | 27/04/2026 | 20037001 | 19/07/2017 | SES Book |
